[Event "Wch Blitz 8th"]
[Site "Dubai"]
[Date "2014.06.19"]
[Round "1"]
[White "Matlakov, Maxim"]
[Black "Grischuk, Alexander"]
[Result "1/2-1/2"]
[WhiteElo "2689"]
[BlackElo "2792"]
[PlyCount "104"]
[EventDate "2014.06.19"]
[EventType "swiss (blitz)"]
[EventRounds "21"]
[EventCountry "UAE"]
[SourceTitle "CBM 160 Extra"]
[Source "ChessBase"]
[SourceDate "2014.07.01"]
[SourceVersion "1"]
[SourceVersionDate "2014.07.01"]
[SourceQuality "1"]

1. Nf3 c5 2. c4 Nc6 3. d4 cxd4 4. Nxd4 e6 5. Nc3 Nf6 6. g3 Qb6 7. Ndb5 Ne5 8.
Bf4 Nfg4 9. e3 a6 10. Qa4 Ra7 11. h3 g5 12. hxg4 gxf4 13. gxf4 axb5 14. Qxb5
Qxb5 15. Nxb5 Nc6 16. Nxa7 Nxa7 17. Bd3 Bg7 18. O-O-O h6 19. g5 Ke7 20. gxh6
Rxh6 21. Rxh6 Bxh6 22. Rh1 Bg7 23. b4 Nc6 24. a3 b6 25. Rh5 f5 26. Kc2 Nd8 27.
Kb3 Bb7 28. a4 Bf3 29. Rg5 Bf6 30. Rg1 Nc6 31. Bc2 Kd8 32. Bd1 Bxd1+ 33. Rxd1
Kc7 34. c5 bxc5 35. bxc5 Be7 36. Kc4 Na5+ 37. Kb5 Nb3 38. a5 Nxc5 39. a6 Kb8
40. Rc1 d6 41. Kc6 Ka7 42. Rb1 Bf8 43. Kc7 Kxa6 44. Kc6 Ka5 45. Rb8 Be7 46. Re8
Bh4 47. Kxd6 Bxf2 48. Kxc5 Bxe3+ 49. Kc4 Bxf4 50. Rxe6 Bg3 51. Rf6 f4 52. Rxf4
Bxf4 1/2-1/2

[Event "Wch Blitz 8th"]
[Site "Dubai"]
[Date "2014.06.19"]
[Round "2"]
[White "Grischuk, Alexander"]
[Black "Bartel, Mateusz"]
[Result "1/2-1/2"]
[WhiteElo "2792"]
[BlackElo "2641"]
[PlyCount "112"]
[EventDate "2014.06.19"]
[EventType "swiss (blitz)"]
[EventRounds "21"]
[EventCountry "UAE"]
[SourceTitle "CBM 160 Extra"]
[Source "ChessBase"]
[SourceDate "2014.07.01"]
[SourceVersion "1"]
[SourceVersionDate "2014.07.01"]
[SourceQuality "1"]

1. c4 e5 2. Nc3 d6 3. g3 f5 4. Bg2 Nf6 5. d3 Be7 6. e4 c6 7. Nge2 O-O 8. h3
fxe4 9. dxe4 Be6 10. b3 Nbd7 11. Be3 a6 12. a4 b5 13. axb5 axb5 14. Rxa8 Qxa8
15. cxb5 cxb5 16. O-O b4 17. Nd5 Nxd5 18. exd5 Bf5 19. g4 Bg6 20. f4 Qa2 21. f5
Bf7 22. Ng3 Rc8 23. Ne4 Rc2 24. Rf2 Rxf2 25. Bxf2 Qa5 26. g5 Kf8 27. Qg4 Qb5
28. Qh4 Bxd5 29. f6 gxf6 30. gxf6 Nxf6 31. Nxf6 Bxg2 32. Kxg2 Qd3 33. Qe4 Qxb3
34. Nd5 Ke8 35. Nxb4 Qe6 36. Nd5 Qg6+ 37. Qxg6+ hxg6 38. Kf3 Kf7 39. Ke4 Bg5
40. Nc7 Kf6 41. Bb6 Bc1 42. Kd5 Kg5 43. Bf2 Kf4 44. Kxd6 e4 45. Nd5+ Kf3 46.
Be1 g5 47. Ke5 Kg2 48. Kxe4 Kxh3 49. Nc3 Bf4 50. Kf3 Bb8 51. Ne4 g4+ 52. Ke2 g3
53. Kf3 g2 54. Bf2 Kh2 55. Ke2 g1=N+ 56. Bxg1+ Kxg1 1/2-1/2

[Event "Wch Blitz 8th"]
[Site "Dubai"]
[Date "2014.06.19"]
[Round "3"]
[White "Jobava, Baadur"]
[Black "Grischuk, Alexander"]
[Result "1/2-1/2"]
[WhiteElo "2713"]
[BlackElo "2792"]
[PlyCount "101"]
[EventDate "2014.06.19"]
[EventType "swiss (blitz)"]
[EventRounds "21"]
[EventCountry "UAE"]
[SourceTitle "CBM 160 Extra"]
[Source "ChessBase"]
[SourceDate "2014.07.01"]
[SourceVersion "1"]
[SourceVersionDate "2014.07.01"]
[SourceQuality "1"]

1. d4 Nf6 2. Nc3 d6 3. e4 g6 4. Be2 Bg7 5. h4 c5 6. dxc5 Qa5 7. Kf1 Qxc5 8. h5
gxh5 9. Nh3 Nc6 10. Nf4 Bg4 11. Be3 Qa5 12. f3 Be6 13. Qd2 Rc8 14. a3 a6 15.
Kf2 Ne5 16. Nxe6 fxe6 17. Rad1 O-O 18. Kg1 Rf7 19. Nd5 Qxd2 20. Nxf6+ Bxf6 21.
Rxd2 h4 22. c3 Ng6 23. Bd1 Be5 24. Bb3 Rf6 25. Bg5 Kg7 26. Bxf6+ Kxf6 27. Kf1
Bf4 28. Rd4 Bg3 29. Rb4 Rc7 30. a4 Nf4 31. Rc4 Rd7 32. Rc8 d5 33. exd5 exd5 34.
Rf8+ Ke5 35. Bc2 d4 36. Rf5+ Ke6 37. Rxf4 Bxf4 38. Rxh4 Be3 39. Re4+ Kf6 40.
cxd4 Bxd4 41. b4 e5 42. Ke2 Rc7 43. Bd3 h5 44. Rh4 Kg5 45. Rh1 Rc3 46. g3 Rb3
47. f4+ exf4 48. gxf4+ Kxf4 49. Rh4+ Ke5 50. Rxh5+ Kf6 51. b5 1/2-1/2

[Event "Wch Blitz 8th"]
[Site "Dubai"]
[Date "2014.06.19"]
[Round "4"]
[White "Grischuk, Alexander"]
[Black "Moiseenko, Alexander"]
[Result "1/2-1/2"]
[WhiteElo "2792"]
[BlackElo "2707"]
[PlyCount "151"]
[EventDate "2014.06.19"]
[EventType "swiss (blitz)"]
[EventRounds "21"]
[EventCountry "UAE"]
[SourceTitle "CBM 160 Extra"]
[Source "ChessBase"]
[SourceDate "2014.07.01"]
[SourceVersion "1"]
[SourceVersionDate "2014.07.01"]
[SourceQuality "1"]

1. c4 e5 2. Nc3 Bb4 3. Nd5 Bc5 4. Nf3 c6 5. Nc3 d6 6. e3 Nf6 7. d4 exd4 8. exd4
Bb4 9. Bd3 O-O 10. O-O Bg4 11. h3 Bh5 12. g4 Bg6 13. Bg5 Nbd7 14. Re1 Qa5 15.
Bxg6 hxg6 16. Qb3 Bxc3 17. bxc3 Rfe8 18. Qb4 Qxb4 19. cxb4 Ne4 20. Bf4 d5 21.
c5 a6 22. a4 f6 23. Kg2 Nf8 24. Be3 Ne6 25. Nh4 Kf7 26. f3 N4g5 27. Kg3 Rh8 28.
Rh1 Rae8 29. Ng2 Nc7 30. h4 Nge6 31. Rad1 Re7 32. Rd2 Rhe8 33. Bf2 Nf8 34. Nf4
Nfe6 35. Nd3 Nf8 36. Nc1 Nce6 37. Na2 g5 38. hxg5 fxg5 39. b5 axb5 40. axb5 Nf4
41. bxc6 bxc6 42. Nb4 Re6 43. Ra2 Ne2+ 44. Kg2 Ng6 45. Re1 Ngf4+ 46. Kf1 Nxd4
47. Ra7+ Kg6 48. Rxe6+ Ndxe6 49. Nxc6 Nd3 50. Ne7+ Kh7 51. Nxd5 Rf8 52. Be3
Ndxc5 53. Ke2 Nb3 54. Re7 Nbd4+ 55. Kd3 Rxf3 56. Ke4 Rg3 57. Bxd4 Nxd4 58. Kxd4
Rxg4+ 59. Ke5 Rg1 60. Ne3 Kg6 61. Re6+ Kh5 62. Ke4 Ra1 63. Re7 Ra4+ 64. Kf3 g4+
65. Kg3 Ra3 66. Re5+ g5 67. Re6 Rb3 68. Re8 Ra3 69. Re4 Rb3 70. Kg2 Rb2+ 71.
Kg1 Rb1+ 72. Nf1 Kh4 73. Re8 g3 74. Kg2 Rb2+ 75. Kg1 Rb1 76. Kg2 1/2-1/2

[Event "Wch Blitz 8th"]
[Site "Dubai"]
[Date "2014.06.19"]
[Round "6"]
[White "Fier, Alexandr"]
[Black "Grischuk, Alexander"]
[Result "0-1"]
[WhiteElo "2580"]
[BlackElo "2792"]
[PlyCount "106"]
[EventDate "2014.06.19"]
[EventType "swiss (blitz)"]
[EventRounds "21"]
[EventCountry "UAE"]
[SourceTitle "CBM 160 Extra"]
[Source "ChessBase"]
[SourceDate "2014.07.01"]
[SourceVersion "1"]
[SourceVersionDate "2014.07.01"]
[SourceQuality "1"]

1. d4 Nf6 2. Bg5 c5 3. Bxf6 exf6 4. dxc5 Bxc5 5. e3 d5 6. Nf3 Nc6 7. c3 O-O 8.
Be2 f5 9. O-O Be6 10. Nbd2 Qf6 11. Nb3 Bb6 12. g3 Rad8 13. Nbd4 Bc8 14. Re1 Ne7
15. Bf1 g5 16. Bg2 Ng6 17. Qd3 Rfe8 18. Rad1 h5 19. c4 dxc4 20. Qxc4 f4 21.
exf4 Rxe1+ 22. Rxe1 gxf4 23. Ne2 Be6 24. Qc1 fxg3 25. hxg3 Bg4 26. Nf4 Nxf4 27.
gxf4 Rc8 28. Qd2 Rc4 29. Re8+ Kg7 30. f5 Qxf5 31. Re5 Qf4 32. Rg5+ Kf6 33. Rd5
Rc1+ 34. Bf1 Qxd2 35. Nxd2 Ke7 36. Kg2 Rc2 37. Nc4 Rxf2+ 38. Kg3 Rxf1 39. Re5+
Kf6 40. Re8 Rf3+ 41. Kg2 Rf4 42. Ne5 Bd4 43. Nd3 Rf3 44. Nb4 Rf2+ 45. Kg3 Rxb2
46. Nd5+ Kg7 47. Nf4 Bf2+ 48. Kh2 Be3+ 49. Kg3 Bxf4+ 50. Kxf4 Rxa2 51. Kg5 Ra5+
52. Kh4 Rd5 53. Re7 Rb5 0-1

[Event "Wch Blitz 8th"]
[Site "Dubai"]
[Date "2014.06.19"]
[Round "7"]
[White "Adly, Ahmed"]
[Black "Grischuk, Alexander"]
[Result "0-1"]
[WhiteElo "2594"]
[BlackElo "2792"]
[PlyCount "128"]
[EventDate "2014.06.19"]
[EventType "swiss (blitz)"]
[EventRounds "21"]
[EventCountry "UAE"]
[SourceTitle "CBM 160 Extra"]
[Source "ChessBase"]
[SourceDate "2014.07.01"]
[SourceVersion "1"]
[SourceVersionDate "2014.07.01"]
[SourceQuality "1"]

1. d4 Nf6 2. Nf3 d6 3. c4 g6 4. g3 Bg7 5. Bg2 O-O 6. O-O c5 7. dxc5 dxc5 8. Ne5
Qd6 9. Nd3 Rd8 10. Nc3 Nc6 11. Bf4 Qd4 12. Nb5 Qxc4 13. a4 Bf5 14. Rc1 Qa2 15.
Ra1 Qc4 16. Rc1 Qa2 17. Ra1 Qe6 18. Nc7 Qc8 19. Qc1 Nd4 20. Re1 Nb3 21. Qc4
Nxa1 22. Nxa8 Qxa8 23. Rxa1 Bxd3 24. exd3 Qc8 25. Re1 e6 26. Be5 b6 27. a5 Nd5
28. axb6 axb6 29. Bxg7 Kxg7 30. d4 Ne7 31. dxc5 Qxc5 32. Qxc5 bxc5 33. Rc1 Rb8
34. Rxc5 Rxb2 35. Be4 Rb4 36. f3 f5 37. Ba8 g5 38. Rc2 Kf6 39. Kg2 h5 40. Ra2
Ng6 41. Bc6 Ne5 42. Ba4 h4 43. Bd1 Nc4 44. Be2 Ne3+ 45. Kf2 Nd5 46. Rc2 Rd4 47.
Rb2 f4 48. gxh4 gxh4 49. Bf1 Ne3 50. Re2 Rd1 51. Re1 Rxe1 52. Kxe1 Nxf1 53.
Kxf1 Ke5 54. Ke1 Kd4 55. Kd2 h3 56. Ke2 Kc3 57. Ke1 Kd3 58. Kf2 Kd2 59. Kf1 Ke3
60. Kg1 Kxf3 61. Kh1 e5 62. Kg1 e4 63. Kf1 e3 64. Ke1 Kg2 0-1

[Event "Wch Blitz 8th"]
[Site "Dubai"]
[Date "2014.06.19"]
[Round "9"]
[White "Kasimdzhanov, Rustam"]
[Black "Grischuk, Alexander"]
[Result "0-1"]
[WhiteElo "2700"]
[BlackElo "2792"]
[PlyCount "68"]
[EventDate "2014.06.19"]
[EventType "swiss (blitz)"]
[EventRounds "21"]
[EventCountry "UAE"]
[SourceTitle "CBM 160 Extra"]
[Source "ChessBase"]
[SourceDate "2014.07.01"]
[SourceVersion "1"]
[SourceVersionDate "2014.07.01"]
[SourceQuality "1"]

1. d4 Nf6 2. c4 g6 3. Nc3 d5 4. cxd5 Nxd5 5. e4 Nxc3 6. bxc3 Bg7 7. Be3 c5 8.
Rc1 Qa5 9. Qd2 O-O 10. Nf3 Rd8 11. d5 e6 12. Bg5 f6 13. Be3 Nc6 14. Bd3 b6 15.
O-O Ba6 16. Bxa6 Qxa6 17. Qc2 exd5 18. exd5 Rxd5 19. Qe4 Rd6 20. Bf4 Qd3 21.
Qe1 Ne5 22. Nxe5 fxe5 23. Bxe5 Re6 24. f4 Rf8 25. Rd1 Qf5 26. Qd2 Bxe5 27. fxe5
Qxe5 28. Rfe1 Qf6 29. Rf1 Qe7 30. Rxf8+ Kxf8 31. Rf1+ Kg7 32. c4 Qd6 33. Qg5
Qe5 34. Qc1 Qe3+ 0-1

[Event "Wch Blitz 8th"]
[Site "Dubai"]
[Date "2014.06.19"]
[Round "10"]
[White "Grischuk, Alexander"]
[Black "Caruana, Fabiano"]
[Result "0-1"]
[WhiteElo "2792"]
[BlackElo "2791"]
[PlyCount "65"]
[EventDate "2014.06.19"]
[EventType "swiss (blitz)"]
[EventRounds "21"]
[EventCountry "UAE"]
[SourceTitle "CBM 160 Extra"]
[Source "ChessBase"]
[SourceDate "2014.07.01"]
[SourceVersion "1"]
[SourceVersionDate "2014.07.01"]
[SourceQuality "1"]

1. e4 e6 2. d4 d5 3. e5 c5 4. c3 Nc6 5. Nf3 Qb6 6. a3 Nh6 7. b4 cxd4 8. Bxh6
gxh6 9. cxd4 Bd7 10. Ra2 Rg8 11. g3 Rg4 12. Rd2 Nxb4 13. axb4 Bxb4 14. Be2
Bxd2+ 15. Nbxd2 Rxd4 16. Nxd4 Qxd4 17. O-O a5 18. Qc2 Rc8 19. Qa2 Qxe5 20. Nf3
Qe4 21. Bd1 a4 22. Re1 Qb4 23. Be2 Rc3 24. Qd2 Rb3 25. Qc1 a3 26. Ne5 a2 27.
Kg2 Qc3 28. Qf4 f5 29. Bh5+ Kd8 30. Nf7+ Kc8 31. Nd6+ Kb8 32. Nb5+ e5 33. Rxe5
0-1

[Event "Wch Blitz 8th"]
[Site "Dubai"]
[Date "2014.06.19"]
[Round "11"]
[White "Grischuk, Alexander"]
[Black "Mchedlishvili, Mikheil"]
[Result "1-0"]
[WhiteElo "2792"]
[BlackElo "2632"]
[PlyCount "99"]
[EventDate "2014.06.19"]
[EventType "swiss (blitz)"]
[EventRounds "21"]
[EventCountry "UAE"]
[SourceTitle "CBM 160 Extra"]
[Source "ChessBase"]
[SourceDate "2014.07.01"]
[SourceVersion "1"]
[SourceVersionDate "2014.07.01"]
[SourceQuality "1"]

1. e4 c5 2. Nf3 e6 3. c3 Nf6 4. e5 Nd5 5. d4 cxd4 6. cxd4 d6 7. Bc4 Nc6 8. O-O
Be7 9. Bd2 O-O 10. Nc3 Nxc3 11. Bxc3 dxe5 12. dxe5 b6 13. Qe2 Bb7 14. Rfd1 Qc7
15. Bd3 Rfd8 16. Qe4 g6 17. Qg4 Rd7 18. Be4 Rxd1+ 19. Rxd1 Rd8 20. Re1 a5 21.
a3 Na7 22. Bxb7 Qxb7 23. h4 Qd5 24. h5 Nb5 25. Bd2 Nd4 26. Nxd4 Qxd4 27. Qxd4
Rxd4 28. Be3 Re4 29. Rc1 gxh5 30. Bxb6 a4 31. Rc7 Bg5 32. Kf1 Kg7 33. f3 Rh4
34. Kf2 Bf4 35. Bd4 Bg5 36. Bc3 Rh2 37. Rc4 Rh1 38. Rxa4 h4 39. Rg4 Kh6 40. f4
Be7 41. Rg8 Bc5+ 42. Ke2 Rg1 43. Kf3 h3 44. Rg3 Rf1+ 45. Kg4 hxg2 46. Rxg2 Be3
47. Kh3 Rxf4 48. Re2 Re4 49. Kg2 Rg4+ 50. Kf3 1-0

[Event "Wch Blitz 8th"]
[Site "Dubai"]
[Date "2014.06.20"]
[Round "13"]
[White "Grischuk, Alexander"]
[Black "Fressinet, Laurent"]
[Result "1-0"]
[WhiteElo "2792"]
[BlackElo "2717"]
[PlyCount "143"]
[EventDate "2014.06.19"]
[EventType "swiss (blitz)"]
[EventRounds "21"]
[EventCountry "UAE"]
[SourceTitle "CBM 160 Extra"]
[Source "ChessBase"]
[SourceDate "2014.07.01"]
[SourceVersion "1"]
[SourceVersionDate "2014.07.01"]
[SourceQuality "1"]

1. c4 c6 2. Nf3 d5 3. g3 g6 4. Qa4 e6 5. Bg2 Bg7 6. d4 Ne7 7. O-O O-O 8. Qc2 b6
9. Rd1 Ba6 10. b3 Nd7 11. Bb2 Rc8 12. Nc3 Qc7 13. e4 dxc4 14. Ne2 cxb3 15. axb3
Qb7 16. h4 Nf6 17. Nf4 Bb5 18. h5 Rfd8 19. b4 c5 20. h6 Bh8 21. dxc5 Rxd1+ 22.
Rxd1 Qxe4 23. Qxe4 Nxe4 24. Bxh8 Kxh8 25. Ne5 Ng5 26. Ra1 f6 27. Ng4 bxc5 28.
Rxa7 Ng8 29. bxc5 f5 30. Ne5 Rxc5 31. Nxe6 Rxe5 32. Nxg5 Re7 33. Nf7+ Rxf7 34.
Rxf7 Nxh6 35. Rb7 Bc4 36. Rc7 Bf7 37. f3 Kg7 38. Kf2 Kf6 39. Rc6+ Kg7 40. Ke3
Ng8 41. Rc7 Kf6 42. Bf1 Ne7 43. Kd4 h5 44. f4 Be6 45. Bb5 Bf7 46. Ra7 Ng8 47.
Ra6+ Kg7 48. Ke5 Nh6 49. Be2 Ng8 50. Ra7 Kf8 51. Bf3 Nh6 52. Kf6 Ng8+ 53. Kg5
Ne7 54. Kf6 Ng8+ 55. Ke5 Ne7 56. Ra8+ Kg7 57. Kd6 Ng8 58. Ra7 Kf8 59. Rb7 Nf6
60. Ke5 Ng8 61. Rc7 Ne7 62. Ra7 Ng8 63. Ra6 Kg7 64. Rb6 Kf8 65. Bd5 Bxd5 66.
Kxd5 Kf7 67. Ke5 Kg7 68. Rb7+ Kh6 69. Ke6 h4 70. gxh4 Kh5 71. Rh7+ Kg4 72. Kf7
1-0

[Event "Wch Blitz 8th"]
[Site "Dubai"]
[Date "2014.06.20"]
[Round "14"]
[White "Sargissian, Gabriel"]
[Black "Grischuk, Alexander"]
[Result "1/2-1/2"]
[WhiteElo "2686"]
[BlackElo "2792"]
[PlyCount "89"]
[EventDate "2014.06.19"]
[EventType "swiss (blitz)"]
[EventRounds "21"]
[EventCountry "UAE"]
[SourceTitle "CBM 160 Extra"]
[Source "ChessBase"]
[SourceDate "2014.07.01"]
[SourceVersion "1"]
[SourceVersionDate "2014.07.01"]
[SourceQuality "1"]

1. d4 Nf6 2. Nf3 g6 3. c4 Bg7 4. g3 c5 5. Bg2 O-O 6. Nc3 d6 7. O-O Nc6 8. dxc5
dxc5 9. Be3 b6 10. Ne5 Nxe5 11. Bxa8 Nxc4 12. Bc1 Bf5 13. Bg2 Qc8 14. Qa4 Qe6
15. Qc6 Qxc6 16. Bxc6 Bc2 17. Ba4 Bxa4 18. Nxa4 Ne4 19. f3 Ned6 20. Rb1 Bd4+
21. Kh1 b5 22. Nc3 Bxc3 23. bxc3 a5 24. Rd1 Rc8 25. Bf4 f6 26. Bxd6 Nxd6 27.
Kg1 Kf7 28. Kf2 Ke6 29. e4 b4 30. Rdc1 Kd7 31. Rc2 Rc6 32. Rbc1 c4 33. cxb4
axb4 34. Rb1 Rb6 35. Rcb2 Ra6 36. Rxb4 Rxa2+ 37. R4b2 Ra3 38. Rb8 h5 39. h4 Ke6
40. R8b6 Ke5 41. Rd1 Ra2+ 42. Ke3 Ra3+ 43. Kf2 Ra2+ 44. Ke3 Ra3+ 45. Kf2
1/2-1/2

[Event "Wch Blitz 8th"]
[Site "Dubai"]
[Date "2014.06.20"]
[Round "16"]
[White "Safarli, Eltaj"]
[Black "Grischuk, Alexander"]
[Result "0-1"]
[WhiteElo "2649"]
[BlackElo "2792"]
[PlyCount "90"]
[EventDate "2014.06.19"]
[EventType "swiss (blitz)"]
[EventRounds "21"]
[EventCountry "UAE"]
[SourceTitle "CBM 160 Extra"]
[Source "ChessBase"]
[SourceDate "2014.07.01"]
[SourceVersion "1"]
[SourceVersionDate "2014.07.01"]
[SourceQuality "1"]

1. e4 c5 2. Nf3 d6 3. d4 cxd4 4. Nxd4 Nf6 5. Nc3 a6 6. Be3 Ng4 7. Bc1 Nf6 8.
Be3 Ng4 9. Bc1 Nc6 10. h3 Nf6 11. g4 Qb6 12. Nb3 e6 13. Be3 Qc7 14. f4 b5 15.
Bg2 Bb7 16. O-O Be7 17. a4 b4 18. Ne2 Na5 19. Nxa5 Qxa5 20. Ng3 O-O 21. g5 Nd7
22. f5 Rfe8 23. Kh1 Bf8 24. Bf4 Ne5 25. f6 g6 26. b3 Rac8 27. Qd2 Qc5 28. Rf2
Qc3 29. Rd1 a5 30. Kh2 Rc7 31. Qxc3 Rxc3 32. Bxe5 dxe5 33. Rd7 Bc6 34. Rc7 Bd6
35. Rxc6 Rxc6 36. Rd2 Rec8 37. Kh1 Bc5 38. Bf1 Be3 39. Rd7 Bxg5 40. Bc4 Bxf6
41. Nf1 R6c7 42. Rd6 Rc6 43. Rd7 R8c7 44. Rd1 Rxc4 45. bxc4 Rxc4 0-1

[Event "Wch Blitz 8th"]
[Site "Dubai"]
[Date "2014.06.20"]
[Round "17"]
[White "Grischuk, Alexander"]
[Black "Mamedov, Rauf"]
[Result "0-1"]
[WhiteElo "2792"]
[BlackElo "2659"]
[PlyCount "32"]
[EventDate "2014.06.19"]
[EventType "swiss (blitz)"]
[EventRounds "21"]
[EventCountry "UAE"]
[SourceTitle "CBM 160 Extra"]
[Source "ChessBase"]
[SourceDate "2014.07.01"]
[SourceVersion "1"]
[SourceVersionDate "2014.07.01"]
[SourceQuality "1"]

1. c4 g6 2. g3 Bg7 3. Bg2 Nf6 4. Nc3 O-O 5. e4 d6 6. Nge2 c5 7. O-O Nc6 8. d3
a6 9. h3 Rb8 10. a4 e5 11. Be3 Nd4 12. a5 h6 13. Kh2 Nh7 14. Nd5 Be6 15. Nxd4
exd4 16. Bd2 Bxd5 0-1

[Event "Wch Blitz 8th"]
[Site "Dubai"]
[Date "2014.06.20"]
[Round "19"]
[White "Harikrishna, Pentala"]
[Black "Grischuk, Alexander"]
[Result "0-1"]
[WhiteElo "2726"]
[BlackElo "2792"]
[PlyCount "68"]
[EventDate "2014.06.19"]
[EventType "swiss (blitz)"]
[EventRounds "21"]
[EventCountry "UAE"]
[SourceTitle "CBM 160 Extra"]
[Source "ChessBase"]
[SourceDate "2014.07.01"]
[SourceVersion "1"]
[SourceVersionDate "2014.07.01"]
[SourceQuality "1"]

1. d4 Nf6 2. Nf3 d6 3. Bg5 Nbd7 4. Nbd2 e5 5. c3 Be7 6. e4 h6 7. Bh4 exd4 8.
Bxf6 Bxf6 9. cxd4 O-O 10. Bd3 c5 11. O-O cxd4 12. Nb3 Re8 13. Nbxd4 Nc5 14. Re1
Bg4 15. Bc2 d5 16. e5 Rxe5 17. Rxe5 Bxe5 18. h3 Bxf3 19. Nxf3 Bxb2 20. Rb1 Bf6
21. Qd2 Qd6 22. Re1 Rd8 23. Qe3 d4 24. Qe8+ Qf8 25. Qxf8+ Kxf8 26. Rd1 d3 27.
Bb3 b5 28. Rc1 Nxb3 29. axb3 d2 30. Rd1 Bc3 31. Kf1 a5 32. Ke2 a4 33. bxa4 bxa4
34. Nh2 a3 0-1

[Event "Wch Blitz 8th"]
[Site "Dubai"]
[Date "2014.06.20"]
[Round "21"]
[White "Grischuk, Alexander"]
[Black "Iturrizaga Bonelli, Eduardo"]
[Result "1/2-1/2"]
[WhiteElo "2792"]
[BlackElo "2653"]
[PlyCount "82"]
[EventDate "2014.06.19"]
[EventType "swiss (blitz)"]
[EventRounds "21"]
[EventCountry "UAE"]
[SourceTitle "CBM 160 Extra"]
[Source "ChessBase"]
[SourceDate "2014.07.01"]
[SourceVersion "1"]
[SourceVersionDate "2014.07.01"]
[SourceQuality "1"]

1. e4 c5 2. Nf3 g6 3. c3 Nf6 4. e5 Nd5 5. d4 cxd4 6. Qxd4 Nc7 7. Qh4 Nc6 8. Na3
Ne6 9. Bh6 Bxh6 10. Qxh6 Qa5 11. Nc4 Qc7 12. O-O-O b5 13. Ne3 a6 14. Nd5 Qa5
15. a3 Bb7 16. Bd3 Ncd4 17. Nxd4 Bxd5 18. Bc2 Bxg2 19. Rhg1 Nxd4 20. Rxd4 Bc6
21. Qg7 O-O-O 22. Qxf7 Rhf8 23. Qxe7 Rde8 24. Qc5 Qc7 25. f4 Rf7 26. h4 Ref8
27. Rf1 Re8 28. Rfd1 Ref8 29. Rf1 Re8 30. Re1 Ref8 31. e6 dxe6 32. Rxe6 Bb7 33.
Qxc7+ Kxc7 34. h5 gxh5 35. f5 Bc8 36. Rh6 Bxf5 37. Bxf5 Rxf5 38. Rxh7+ R8f7 39.
Rh6 R7f6 40. Rh7+ Rf7 41. Rh6 R7f6 1/2-1/2